| 000 | 01213nam a2200229Ia 4500 | ||
|---|---|---|---|
| 001 | L227-5457 | ||
| 003 | IT-CnALBA | ||
| 008 | 170116s9999||||xx |||||||||||||| ||und|| | ||
| 040 |
_aIT-CnALBA _cIT-CnALBA |
||
| 041 | _aPOLIGLOTTA | ||
| 100 | _aPAOLO, APOSTOLO E SANTO | ||
| 245 | 0 | _aLE EPISTOLE DI S. PAOLO AI ROMANI, AI CORINTI, AI GALATI. | |
| 250 | _a1a ed. | ||
| 260 |
_a TORINO - ROMA _bMARIETTI EDITORE _c1952 [1° Ed.:1952 - Ed.Ling.Originale: 1952] |
||
| 300 | _a582 p. (prefazione: 7) | ||
| 500 | _aCURATORE JACONO VINCENZO. DIRETTORE GAROFALO SALVATORE. VOLGATA LATINA. TRADUZIONE ITALIANA DAI TESTI ORIGINALI. NOTE CRITICHE E COMMENTO. LETTERA AI ROMANI. PRIMA E SECONDA AI CORINTI. LETTERA AI GALATI. BIBLIOGRAFIA SU S. PAOLO. | ||
| 501 | _aSocietà San Paolo EM - Piazza San Paolo, 14 - 12051 ALBA (CN) (non commercial uses only) ® Copyright 2017 | ||
| 520 | _aCURATORE JACONO VINCENZO. DIRETTORE GAROFALO SALVATORE. VOLGATA LATINA. TRADUZIONE ITALIANA DAI TESTI ORIGINALI. NOTE CRITICHE E COMMENTO. LETTERA AI ROMANI. PRIMA E SECONDA AI CORINTI. LETTERA AI GALATI. BIBLIOGRAFIA SU S. PAOLO. | ||
| 650 | _aLETTERE DI S. PAOLO - LETTERE CATTOLIC | ||
| 942 | _cBK | ||
| 957 | _71 | ||
| 999 |
_a6436 _bNO _g Copie: 1 _c264643 _d264643 |
||